Normal view
MARC view
- Chemical bonds.
Entry Topical Term
001 - CONTROL NUMBER
- control field: 1242
003 - CONTROL NUMBER IDENTIFIER
- control field: NUST
005 - DATE AND TIME OF LATEST TRANSACTION
- control field: 20170519133146.0
008 - FIXED-LENGTH DATA ELEMENTS
- fixed length control field: 170519|| aca||aabn | a|a d
040 ## - CATALOGING SOURCE
- Original cataloging agency: NUST
- Transcribing agency: NUST
150 ## - HEADING--TOPICAL TERM
- Topical term or geographic name entry element: Chemical bonds.
670 ## - SOURCE DATA FOUND
- Source citation: Work cat.: (NUST)0: Lee, J. D. (John David), 1931- 1240, Concise inorganic chemistry /, 2008.
